Statistics for FIFA EA FC 24 TOP PLAYERS BY COUNTRY

Click here to take the quiz!

General Stats

  • This quiz has been taken 368 times
  • The average score is 27 of 48

Answer Stats

HintAnswer% Correct
90Lionel Messi
100%
91Kevin De Bruyne
94%
87Luka Modric
91%
89Neymar Jr
90%
91Kylian Mbappé
89%
90Robert Lewandowski
88%
90Harry Kane
87%
89Virgil van Dijk
83%
87Lautaro Martínez
82%
90Thibaut Courtois
82%
89Alisson / Casemiro
80%
84Koen Casteels / Romelu Lukaku / Yannick Carrasco
75%
89Vinícius Júnior
71%
83Christian Eriksen
65%
88Bruno Fernandes
63%
82Joško Gvardiol / Mateo Kovacic / Dominik Livaković
63%
87Frenkie de Jong
62%
87Gianluigi Donnarumma
61%
87Manuel Neuer
61%
88Federico Valverde
60%
89Rúben Dias
60%
88Bernardo Silva
59%
90Karim Benzema
59%
86Wojciech Szczesny
58%
88Joshua Kimmich
57%
86Nicolò Barella / Marco Verratti
57%
86Jude Bellingham
56%
86Pedri
56%
86Trent Alexander-Arnold / Bukayo Saka
54%
86Paulo Dybala
47%
88Antoine Griezmann
46%
86Sergej Milinkovic-Savic
46%
82Manuel Akanji / Fabian Schär / Granit Xhaka
42%
86Matthijs de Ligt
40%
84Yann Sommer
40%
84Pierre-Emile Højbjerg
39%
89Rodri
36%
83Dušan Vlahović
35%
89Marc-André ter Stegen
34%
87Gregor Kobel
33%
83Piotr Zieliński
30%
83Marcelo Brozovic
28%
86Ronald Araujo
28%
83Andreas Christensen
24%
83Filip Kostić
19%
86Sandro Tonali
19%
83Giménez
14%
86Parejo
12%

Score Distribution

Percentile by Number Answered

Percent of People with Each Score

Your Score History

You have not taken this quiz